000 00328nam a22001337a 4500
008 181024b xxu||||| |||| 00| 0 eng d
020 _a9781323327807
041 _aeng
080 _a370
100 _a47
101 _aEDU
245 _aStudents With Special Needs Stories From The Clasromm
_cCoots.J
942 _2udc
_cBK
999 _c50863
_d50863